00479nam a2200193 a 4500001001300000003000900013005001700022008004100039020000800080082001600088100001900104245003500123260003700158300000900195500003500204505001000239650001700249700001900266nice12345678IN_TiNIC20260116011407.0050524s1939 alia grp 000 0 eng  ac000a955.03bSAR aSarwar, Ghulam aHistory of Shah Ismail Safawai aAligarhbMuslim Universityc1939 a127p aincludes index and biblioraphy2 aIndex aIran-History1 aSarwar, Ghulam